El comentario lingüístico: metodología y práctica

Uloženo v:
Podrobná bibliografie
Hlavní autor: Marcos Marín, Francisco Adolfo (autor)
Médium: Kniha
Jazyk:španělština
Vydáno: Madrid Cátedra 1998
Vydání:11a. ed
Edice:Crítica y Estudios Literarios
Témata:
Tagy: Přidat tag
Žádné tagy, Buďte první, kdo vytvoří štítek k tomuto záznamu!

MARC

LEADER 00000nam a2200000 a 4500
001 UCN3877
003 CL-VaPUC
008 010713e19980000SP |||||||||||||||||spa|d
020 |a 8437601037 
082 0 4 |a 401.41  |b MAR  |2 21 
100 |a Marcos Marín, Francisco Adolfo  |e autor  |9 421725 
245 1 3 |a El comentario lingüístico: metodología y práctica 
250 |a 11a. ed 
300 |a 174 p 
942 |c BK 
945 |d 20010713 00:00:00  |a vberengu 
260 |a Madrid  |b Cátedra  |c 1998 
650 7 |a TEXTO  |2 CL-VaPUC  |9 373462 
650 0 |a Análisis del discurso  |9 256696 
650 0 |a Lingüística  |9 265068 
583 |a last modification  |c 20010713 00:00:00  |k Rodrigo Vera 
490 0 |a Crítica y Estudios Literarios 
999 |c 296548  |d 296546 
952 |0 0  |1 0  |4 0  |6 401_410000000000000_MAR_1998  |7 0  |8 A  |9 350359  |a FDOPOS  |b FDOPOS  |d 2019-11-20  |i 3920569  |o 401.41 MAR 1998  |p 3920569  |r 2025-01-22  |w 2019-11-20  |y BK  |k MLA